[Event "Irish Championship 2021"]
[Site "Dublin IRL"]
[Date "2021.08.03"]
[Round "4.13"]
[White "Murray, David"]
[Black "O'Gorman, Alice"]
[Result "1/2-1/2"]
[WhiteElo "2142"]
[BlackElo "1907"]
[WhiteICU "2125"]
[BlackICU "1882"]
[WhiteClub "Gonzaga"]
[BlackClub "T.C.D."]
[WhiteNationality "IRL"]
[BlackNationality "IRL"]
[WhiteFideId "2501511"]
[BlackFideId "2508214"]
[PlyCount "122"]
[Venue "Colaiste Eanna"]
[EventDate "2021.07.31"]
[Source "Live boards"]

{ Event information: <a
href="https://www.irlchess.com/irlch2021_allfiles/pairings_irlch2021.html">Tournament
report</a>. }

1. e4 e5 2. Nc3 Nf6 3. f4 d5 4. fxe5 Nxe4 5. Nf3 Bg4 6. Qe2 Nxc3 7. dxc3
Bc5 8. Qb5+ Nd7 9. Bg5 Be7 10. Bxe7 Qxe7 11. Qxb7 O-O 12. Qxd5 Bxf3 13.
Qxf3 Nxe5 14. Qe4 Rad8 15. Rd1 f5 16. Qe3 Rfe8 17. Be2 Nd3+ 18. Rxd3 Qxe3
19. Rxe3 Rxe3 20. Kf2 f4 21. Bd3 g5 22. g3 Re7 23. gxf4 gxf4 24. Kf3 Rd6
25. Rg1+ Rg7 26. Rxg7+ Kxg7 27. Kxf4 Rf6+ 28. Kg5 Rf2 29. h3 h6+ 30. Kg4
Rg2+ 31. Kf4 Kf6 32. a4 Rg1 33. a5 Rh1 34. Kg4 Rg1+ 35. Kf4 h5 36. b4 Rh1
37. Kg3 Kg5 38. c4 h4+ 39. Kg2 Ra1 40. Kf3 Ra4 41. c3 Ra3 42. Ke4 Rxc3 43.
Kd4 Rb3 44. b5 Kf6 45. c5 Rb2 46. Kc3 Rg2 47. b6 cxb6 48. cxb6 axb6 49.
axb6 Ke5 50. b7 Rg8 51. Be2 Rb8 52. Bf3 Kd6 53. Kd4 Kc7 54. Ke3 Rg8 55. Kf4
Rg3 56. Bg4 Kxb7 57. Kg5 Kc7 58. Kxh4 Ra3 59. Kg5 Kd6 60. h4 Ke7 61. h5
Ra5+ 1/2-1/2

[Event "Irish Championship 2021"]
[Site "Dublin IRL"]
[Date "2021.08.03"]
[Round "4.14"]
[White "O'Connell, Gerard"]
[Black "Goss, Alex"]
[Result "1/2-1/2"]
[WhiteElo "2051"]
[BlackElo "1833"]
[WhiteICU "2005"]
[BlackICU "1750"]
[WhiteClub "St. Benildus"]
[BlackClub "U.C.D."]
[WhiteNationality "IRL"]
[BlackNationality "IRL"]
[WhiteFideId "2500493"]
[BlackFideId "2509407"]
[PlyCount "149"]
[Venue "Colaiste Eanna"]
[EventDate "2021.07.31"]
[Source "Live boards"]

{ Event information: <a
href="https://www.irlchess.com/irlch2021_allfiles/pairings_irlch2021.html">Tournament
report</a>. }

1. d4 g6 2. c4 Bg7 3. Nf3 Nf6 4. Nc3 O-O 5. e4 d6 6. Be2 Na6 7. O-O e5 8.
d5 Nc5 9. Qc2 a5 10. Be3 Nfd7 11. Nd2 f5 12. f3 f4 13. Bf2 h5 14. b3 h4 15.
a3 Qg5 16. b4 h3 17. g3 fxg3 18. hxg3 axb4 19. axb4 Rxa1 20. Rxa1 Na6 21.
Rb1 Nf6 22. Nf1 Nh5 23. Be3 h2+ 24. Kxh2 Nf4 25. Kg1 Kf7 26. Kf2 Rh8 27.
Qd2 Rh1 28. Nb5 Bf6 29. c5 Qh5 30. Bxf4 exf4 31. Qxf4 g5 32. Qe3 Qh8 33.
Ke1 Bd7 34. Kd1 Qh3 35. Qf2 Qh8 36. Qe3 Qh3 37. Kd2 Qg2 38. c6 bxc6 39.
dxc6 Bxc6 40. Nd4 Bd7 41. Qb3+ Kf8 42. Qc4 Qf2 43. Nc2 Bc8 44. Nce3 g4 45.
f4 c5 46. b5 Bd4 47. Nd5 (47. Nd1 $1 $18 { is simplest. }) (47. bxa6 Bxe3+
48. Kc2 { also wins ( but not } (48. Kd3 $2 d5 $1 $10 { ) })) { White was
down to 41 seconds on the clock after the move played. } 47... Nb8 48. Nc7
Rg1 49. Ne6+ Bxe6 50. Qxe6 Rg2 51. Qxd6+ Kf7 52. Qd5+ Ke7 53. Qc4 Bc3+ 54.
Kxc3 Qxe2 55. Qxe2 Rxe2 56. Kc4 Rxe4+ 57. Kxc5 Nd7+ 58. Kc6 Rc4+ 59. Kb7
Nc5+ 60. Kb6 Nd7+ 61. Ka5 Kd8 62. Ne3 Rc3 63. Nf5 Rc5 64. Nd4 Rc3 65. Rb3
Rc4 66. Nc6+ Kc7 67. Ne5 Nc5 68. Nxc4 Nxb3+ 69. Kb4 Nd4 70. Ne3 Ne2 71.
Nxg4 Nxg3 72. Ne3 Ne4 73. Nc4 Nf2 74. Kc5 $4 (74. Ka5 $18) 74... Nd3+ 75.
Kd5 1/2-1/2

[Event "Irish Championship 2021"]
[Site "Dublin IRL"]
[Date "2021.08.03"]
[Round "4.15"]
[White "Murchadha, Oissine"]
[Black "Murray, Sam"]
[Result "1-0"]
[WhiteElo "1976"]
[BlackElo "1621"]
[BlackICU "1608"]
[BlackClub "Gonzaga"]
[WhiteNationality "IRL"]
[BlackNationality "IRL"]
[WhiteFideId "2503603"]
[BlackFideId "2508958"]
[PlyCount "69"]
[Venue "Colaiste Eanna"]
[EventDate "2021.07.31"]
[Source "Live boards"]
[WhiteFullName "Murchadha, Oiss&iacute;ne"]

{ Event information: <a
href="https://www.irlchess.com/irlch2021_allfiles/pairings_irlch2021.html">Tournament
report</a>. }

1. d4 d5 2. c4 Nc6 3. cxd5 Qxd5 4. e3 e5 5. Nc3 Bb4 6. a3 Bxc3+ 7. bxc3
exd4 8. cxd4 Nf6 9. Nf3 O-O 10. Bd3 Bg4 11. O-O Rfe8 12. Rb1 a6 13. Be2 b5
14. Qb3 Rab8 15. Qxd5 Nxd5 16. Bd2 Nd8 17. Bd3 Bxf3 18. gxf3 Ne6 19. Rfc1
Rec8 20. Rc6 Nb6 21. Rbc1 Rd8 22. Ba5 g6 23. Kg2 Kf8 24. Bb1 Ke8 25. Ba2
Nd5 26. Rxa6 Rbc8 27. Bb3 Nxd4 28. Bxd5 Rxd5 29. exd4 Rxd4 30. Rxc7 Rxc7
31. Bxc7 Kd7 32. Be5 Rc4 33. Bg7 Rc5 34. f4 Rf5 35. Rf6 1-0

[Event "Irish Championship 2021"]
[Site "Dublin IRL"]
[Date "2021.08.03"]
[Round "4.16"]
[White "Duffy, Seamus"]
[Black "O'Flaherty, Kevin"]
[Result "1-0"]
[WhiteElo "1945"]
[BlackElo "1884"]
[WhiteICU "1872"]
[BlackICU "1818"]
[WhiteClub "Dun Laoghaire"]
[BlackClub "Univ. of Limerick"]
[WhiteNationality "IRL"]
[BlackNationality "IRL"]
[WhiteFideId "2501708"]
[BlackFideId "2502283"]
[PlyCount "117"]
[Venue "Colaiste Eanna"]
[EventDate "2021.07.31"]
[Source "Live boards"]
[WhiteFullName "Duffy, S&eacute;amus"]

{ Event information: <a
href="https://www.irlchess.com/irlch2021_allfiles/pairings_irlch2021.html">Tournament
report</a>. }

1. e4 c6 2. d4 d5 3. e5 Bf5 4. Ne2 e6 5. Ng3 Bg6 6. h4 h6 7. h5 Bh7 8. Bd3
Bxd3 9. cxd3 Qb6 10. Be3 Nd7 11. Nd2 f5 12. exf6 Ngxf6 13. O-O Bd6 14. f4
O-O 15. Nb3 Rae8 16. Qe2 Kh8 17. Rac1 Qd8 18. Nc5 Bxc5 19. dxc5 Ng8 20. Qg4
Ndf6 21. Qh3 Qd7 22. Bd4 Ne7 23. Rce1 Nf5 24. Nxf5 exf5 25. Bxf6 Rxf6 26.
Re5 Ref8 27. d4 b6 28. b4 bxc5 29. bxc5 Qb7 30. Qe3 Qf7 31. Qe2 Rb8 32. Re7
Qf8 33. Re1 Rf7 34. Re6 Rfb7 35. Rxc6 Qf7 36. Rg6 Rb1 37. Rxb1 Rxb1+ 38.
Kh2 Qc7 39. Qe8+ Kh7 40. Rd6 Rb8 41. Qg6+ Kh8 42. Qxf5 Qe7 43. Qg4 Rd8 44.
Rxd8+ Qxd8 45. g3 Qa5 46. Qc8+ Kh7 47. Qf5+ Kh8 48. Qxd5 Qd2+ 49. Kh3 Qe2
50. c6 Qf1+ 51. Qg2 Qd1 52. Qd5 Qf1+ 53. Kg4 Qd1+ 54. Kh4 Qc2 55. Kh3 a5
56. Qd7 Qe2 57. Qc8+ Kh7 58. Qf5+ Kh8 59. c7 1-0

[Event "Irish Championship 2021"]
[Site "Dublin IRL"]
[Date "2021.08.03"]
[Round "4.17"]
[White "Burke, Kevin"]
[Black "MacElligott, Gerard"]
[Result "0-1"]
[BlackTitle "CM"]
[WhiteElo "1883"]
[BlackElo "1966"]
[WhiteICU "1781"]
[BlackICU "1938"]
[WhiteClub "St. Benildus"]
[BlackClub "Elm Mount"]
[WhiteNationality "IRL"]
[BlackNationality "IRL"]
[WhiteFideId "2501520"]
[BlackFideId "2500647"]
[PlyCount "116"]
[Venue "Colaiste Eanna"]
[EventDate "2021.07.31"]
[Source "Live boards"]

{ Event information: <a
href="https://www.irlchess.com/irlch2021_allfiles/pairings_irlch2021.html">Tournament
report</a>. }

1. e4 c5 2. c3 Nf6 3. e5 Nd5 4. d4 cxd4 5. Nf3 Nc6 6. cxd4 d6 7. Bc4 dxe5
8. Nxe5 e6 9. O-O Bd6 10. Re1 O-O 11. Nc3 Nxc3 12. bxc3 Qc7 13. Nf3 Ne7 14.
Qd3 Nd5 15. Bd2 Bf4 16. Rac1 Bxd2 17. Nxd2 b6 18. Bb3 Nf6 19. Nf3 Bb7 20.
Ne5 Rac8 21. c4 Rfd8 22. Qe3 Qd6 23. c5 Qxd4 24. c6 Qxe3 25. fxe3 Ba6 26.
Red1 Kf8 27. g4 Ne4 28. Kg2 Nc5 29. Bc2 f6 30. Nd7+ Nxd7 31. cxd7 Rc7 32.
Bxh7 Rxc1 33. Rxc1 Rxd7 34. Rc2 Ke7 35. h4 Bd3 36. Bxd3 Rxd3 37. Rc7+ Rd7
38. Rc2 b5 39. Kf3 Kd6 40. Ke4 Rc7 41. Rd2+ Ke7 42. Rg2 Rc4+ 43. Kd3 a6 44.
e4 Kf7 45. Rf2 Kg6 46. Rg2 Ra4 47. Rc2 e5 48. g5 Ra3+ 49. Kd2 fxg5 50. hxg5
Kxg5 51. Kc1 Kf4 52. Kb2 Ra4 53. Rf2+ Kxe4 54. Rg2 Kf3 55. Rxg7 e4 56. Rf7+
Ke2 57. Rh7 e3 58. Rh2+ Kd3 0-1

[Event "Irish Championship 2021"]
[Site "Dublin IRL"]
[Date "2021.08.04"]
[Round "5.1"]
[White "Fitzsimons, David"]
[Black "O'Donnell, Conor"]
[Result "1/2-1/2"]
[WhiteTitle "IM"]
[BlackTitle "FM"]
[WhiteElo "2324"]
[BlackElo "2331"]
[WhiteICU "2343"]
[BlackICU "2311"]
[WhiteClub "Elm Mount"]
[BlackClub "Gonzaga"]
[WhiteNationality "IRL"]
[BlackNationality "IRL"]
[WhiteFideId "2501961"]
[BlackFideId "2504243"]
[PlyCount "162"]
[Venue "Colaiste Eanna"]
[EventDate "2021.07.31"]

{ Event information: <a
href="https://www.irlchess.com/irlch2021_allfiles/pairings_irlch2021.html">Tournament
report</a>. }

1. e4 c6 2. d4 d5 3. exd5 cxd5 4. Nf3 Nf6 5. Ne5 g6 6. Bb5+ Bd7 7. Nxd7
Nbxd7 8. O-O Bg7 9. c3 O-O 10. Nd2 Qb6 11. Qa4 Qc7 12. Nf3 e6 13. g3 a6 14.
Bd3 b5 15. Qd1 Nb6 16. Bf4 Qe7 17. Qe2 Rfc8 18. Ne5 Nfd7 19. h4 Nxe5 20.
dxe5 Nd7 21. Rfe1 Nc5 22. Bc2 Rab8 23. a3 a5 24. h5 b4 25. hxg6 fxg6 26.
axb4 axb4 27. Bd2 b3 28. Bb1 Nd7 29. Ra7 Ra8 30. Rb7 Rcb8 31. Rxb8+ Rxb8
32. f4 Nb6 33. Be3 Nc4 34. Bd4 Ra8 35. Bd3 Qc7 36. g4 Ra2 37. Bxc4 Qxc4 38.
f5 Ra1 39. Kg2 Qxe2+ 40. Rxe2 gxf5 41. gxf5 exf5 42. e6 Ra8 43. Kf3 Bxd4
44. cxd4 Kg7 45. Kf4 Kf6 46. Re5 Ke7 47. Re3 Kf6 48. Rxb3 Ra4 49. Ke3 f4+
50. Kxf4 Rxd4+ 51. Kf3 Kxe6 52. Rb6+ Ke5 53. Rh6 Rf4+ 54. Ke3 Rf7 55. Rh5+
Kd6 56. Kd4 Rf4+ 57. Ke3 Rb4 58. Rxh7 Rxb2 59. Kd4 Rb4+ 60. Kd3 Rg4 61. Rh3
Ra4 62. Kd2 Ra2+ 63. Kd1 Kc5 64. Rg3 Rh2 65. Rf3 Kd4 66. Ra3 Ke4 67. Rb3
Rf2 68. Ke1 Rg2 69. Kd1 Rh2 70. Ra3 d4 71. Rg3 Rf2 72. Ra3 Rf3 73. Rxf3
Kxf3 74. Kd2 Ke4 75. Ke2 d3+ 76. Kd2 Kd4 77. Kd1 Ke4 78. Kd2 Kd4 79. Kd1
Kc3 80. Kc1 d2+ 81. Kd1 Kd3 1/2-1/2

[Event "Irish Championship 2021"]
[Site "Dublin IRL"]
[Date "2021.08.04"]
[Round "5.2"]
[White "Venkatesan, Kavin"]
[Black "O'Gorman, Tom"]
[Result "0-1"]
[BlackTitle "FM"]
[WhiteElo "2011"]
[BlackElo "2368"]
[WhiteICU "2032"]
[BlackICU "2303"]
[WhiteClub "St. Benildus"]
[BlackClub "Dun Laoghaire"]
[WhiteNationality "IRL"]
[BlackNationality "IRL"]
[WhiteFideId "2512602"]
[BlackFideId "2508249"]
[PlyCount "112"]
[Venue "Colaiste Eanna"]
[EventDate "2021.07.31"]

{ Event information: <a
href="https://www.irlchess.com/irlch2021_allfiles/pairings_irlch2021.html">Tournament
report</a>. }

1. d4 Nf6 2. c4 g6 3. Nc3 Bg7 4. e4 d6 5. f4 O-O 6. Nf3 Na6 7. Bd3 Bg4 8.
O-O e5 9. fxe5 dxe5 10. d5 c6 11. Be3 Nh5 12. h3 Bd7 13. Kh2 Re8 14. c5 Nc7
15. Bc4 h6 16. Qb3 cxd5 17. exd5 e4 18. Nd2 f5 19. Kg1 Kh7 20. Rad1 Qh4 21.
d6 Ne6 22. Qxb7 Nef4 23. Bxf4 Nxf4 24. Ndxe4 $2 (24. Rxf4 $1 Qxf4 25. Nd5
Qe5 26. Qxd7 $18) 24... Rad8 $10 25. Nf2 Nxh3+ 26. Nxh3 Qxc4 27. Qd5 Qxd5
28. Nxd5 Bxb2 29. Ne7 $6 Ba4 30. Rd2 $2 Ba3 $19 31. c6 Bxd6 32. Nd5 Bxc6
33. Nf6+ Kh8 34. Nxe8 Bc5+ 35. Rdf2 Rxe8 36. Rc1 Bxf2+ 37. Kxf2 Re6 38. Nf4
Rd6 39. Rc2 g5 40. Ne2 Kg7 41. Rc5 Bd7 42. Nc3 Kg6 43. Ra5 a6 44. Nd5 Bb5
45. Nc7 Rd2+ 46. Kg1 Rc2 47. Nxa6 Bc6 48. Nb4 Rxg2+ 49. Kf1 Be4 50. Nd3 Rc2
51. Ne5+ Kh5 52. Nf7 g4 53. Nd6 Kh4 54. Kg1 Rc1+ 55. Kf2 g3+ 56. Ke2 g2 0-1

[Event "Irish Championship 2021"]
[Site "Dublin IRL"]
[Date "2021.08.04"]
[Round "5.3"]
[White "Baburin, Alexander"]
[Black "Murphy, Conor E."]
[Result "1-0"]
[WhiteTitle "GM"]
[BlackTitle "FM"]
[WhiteElo "2416"]
[BlackElo "2394"]
[WhiteICU "2369"]
[BlackICU "2419"]
[WhiteClub "Kilkenny"]
[BlackClub "Charlton ENG"]
[WhiteNationality "IRL"]
[BlackNationality "IRL"]
[WhiteFideId "2500914"]
[BlackFideId "421669"]
[PlyCount "165"]
[Venue "Colaiste Eanna"]
[EventDate "2021.07.31"]

{ Event information: <a
href="https://www.irlchess.com/irlch2021_allfiles/pairings_irlch2021.html">Tournament
report</a>. }

1. d4 d5 2. c4 e6 3. Nf3 Nf6 4. g3 Be7 5. Bg2 O-O 6. O-O a5 7. Qc2 c6 8. b3
b6 9. Bb2 Bb7 10. Rd1 Na6 11. Nc3 Rc8 12. e4 Qc7 13. a3 Rfd8 14. e5 Nd7 15.
Rac1 Qb8 16. cxd5 cxd5 17. Bf1 Nc7 18. Bd3 Nf8 19. Qe2 Qa7 20. Rc2 Ba6 21.
Bxa6 Nxa6 22. Rdc1 Qb7 23. Nb5 Nd7 24. h4 Ndb8 25. Ng5 h6 26. Nh3 Rxc2 27.
Rxc2 Rc8 28. Rxc8+ Qxc8 29. Nf4 Qc6 30. Nh5 Nc7 31. a4 Nba6 32. Kg2 Bf8 33.
Nc3 Nb4 34. Nf4 Qb7 35. Kg1 Nc6 36. Qd3 Na7 37. Bc1 Na6 38. Be3 Nb4 39. Qe2
Qc6 40. Qd2 b5 41. axb5 Nxb5 42. Nxb5 Qxb5 43. Qc3 a4 44. bxa4 Qxa4 45. Kg2
Qd1 46. f3 Nc2 47. Bf2 Na3 48. Qc8 Qc2 49. Qxc2 Nxc2 50. h5 Bb4 51. Ne2 Kf8
52. f4 Ke7 53. g4 Kd7 54. f5 Bd2 55. Kf3 Bg5 56. Bg3 f6 57. exf6 gxf6 58.
fxe6+ Kxe6 59. Bf2 Nb4 60. Ng3 Nc2 61. Nf5 Bd2 62. Ke2 Bf4 63. Be1 Na3 $2 (
63... Nxe1 $10) 64. Bd2 $18 Bxd2 65. Kxd2 Nc4+ 66. Kd3 Nd6 67. Nxh6 Ne4 68.
Ke3 Nd6 69. Kf4 Nb5 70. Nf5 Kf7 71. Ke3 Nc7 72. Kd3 Ne6 73. Kc3 Ng5 74. Kb4
Ne4 75. Kb5 Ke6 76. Kc6 Ng5 77. h6 Kf7 78. Kxd5 Kg6 79. Kc6 Nf3 80. d5 Ne5+
81. Kc7 Nxg4 82. d6 Ne5 83. d7 1-0

[Event "Irish Championship 2021"]
[Site "Dublin IRL"]
[Date "2021.08.04"]
[Round "5.4"]
[White "Heidenfeld, Mark"]
[Black "Daly, Colm"]
[Result "1-0"]
[WhiteTitle "IM"]
[BlackTitle "FM"]
[WhiteElo "2360"]
[BlackElo "2285"]
[WhiteICU "2282"]
[BlackICU "2261"]
[BlackClub "Bray/Greystones"]
[WhiteNationality "IRL"]
[BlackNationality "IRL"]
[WhiteFideId "2500990"]
[BlackFideId "2500434"]
[PlyCount "127"]
[Venue "Colaiste Eanna"]
[EventDate "2021.07.31"]

{ Event information: <a
href="https://www.irlchess.com/irlch2021_allfiles/pairings_irlch2021.html">Tournament
report</a>. }

1. e4 c5 2. Nf3 Nc6 3. Bb5 e6 4. Bxc6 bxc6 5. O-O d6 6. c3 Nf6 7. Re1 Be7
8. d4 d5 9. Ne5 Bb7 10. exd5 cxd5 11. Qa4+ Kf8 12. Bg5 Qe8 13. Qxe8+ Kxe8
14. Nd2 Rc8 15. dxc5 Bxc5 16. Be3 Ke7 17. Rac1 Rhd8 18. Bd4 Ne4 19. Nb3 Bb6
20. Nd3 Ba6 21. Nb4 Bb5 22. Bxb6 axb6 23. Nd4 Be8 24. Nxd5+ exd5 25. f3 Bc6
26. fxe4 dxe4 27. Nxc6+ Rxc6 28. Rxe4+ Re6 29. Rxe6+ fxe6 30. Rc2 Rf8 31.
Rf2 Ra8 32. a3 e5 33. Kf1 Ke6 34. Rd2 Ra4 35. Ke2 Re4+ 36. Kd3 Re1 37. Re2
Rd1+ 38. Kc4 Kf5 39. Kb5 Rd6 40. c4 e4 41. b4 Kf4 42. c5 bxc5 43. Kxc5 Rd3
44. a4 e3 45. a5 Rd2 46. Re1 Ra2 47. Kb6 e2 48. a6 Ke3 49. a7 Kd2 50. Rh1
e1=Q 51. Rxe1 Kxe1 52. b5 Kf2 53. Kb7 Kxg2 54. a8=Q Rxa8 55. Kxa8 Kxh2 56.
b6 g5 57. b7 h5 58. b8=Q+ Kh3 59. Qe5 Kg4 60. Qe2+ Kh4 61. Qh2+ Kg4 62. Kb7
h4 63. Qg2+ Kf4 64. Qh3 1-0

[Event "Irish Championship 2021"]
[Site "Dublin IRL"]
[Date "2021.08.04"]
[Round "5.5"]
[White "Kanyamarala, Tarun"]
[Black "Scott, Luke"]
[Result "1-0"]
[WhiteTitle "FM"]
[WhiteElo "2369"]
[BlackElo "1906"]
[WhiteICU "2296"]
[BlackICU "1959"]
[WhiteClub "Balbriggan"]
[BlackClub "Ballyroan"]
[WhiteNationality "IRL"]
[BlackNationality "IRL"]
[WhiteFideId "45004714"]
[BlackFideId "2507986"]
[PlyCount "76"]
[Venue "Colaiste Eanna"]
[EventDate "2021.07.31"]

{ Event information: <a
href="https://www.irlchess.com/irlch2021_allfiles/pairings_irlch2021.html">Tournament
report</a>. }

1. e4 e6 2. d4 d5 3. Nc3 Nf6 4. e5 Nfd7 5. f4 c5 6. Nf3 Nc6 7. Be3 a6 8. a3
cxd4 9. Nxd4 Bc5 10. Qd2 O-O 11. h4 Rb8 12. h5 Nxd4 13. Bxd4 b5 14. b4 Bxd4
15. Qxd4 f6 16. exf6 Qxf6 17. Qxf6 Rxf6 18. Rh4 Bb7 19. O-O-O Rc8 20. Kb2
Nb6 21. Bd3 Nc4+ 22. Bxc4 Rxc4 23. Ne2 Re4 24. Nd4 e5 25. fxe5 Rxh4 26.
exf6 gxf6 27. Nf5 Rf4 28. Nd6 Bc6 29. Rd3 d4 30. g3 Rf3 31. Rxd4 Kf8 32.
Rf4 Rxf4 33. gxf4 Ke7 34. Nf5+ Ke6 35. Nd4+ Kd5 36. Nxc6 Kxc6 37. Kc3 Kd5
38. Kd3 h6 1-0

[Event "Irish Championship 2021"]
[Site "Dublin IRL"]
[Date "2021.08.04"]
[Round "5.6"]
[White "Carroll, Peter"]
[Black "Kanyamarala, Trisha"]
[Result "1-0"]
[BlackTitle "WIM"]
[WhiteElo "2059"]
[BlackElo "2180"]
[WhiteICU "2035"]
[BlackICU "2178"]
[WhiteClub "Gonzaga"]
[BlackClub "Balbriggan"]
[WhiteNationality "IRL"]
[BlackNationality "IRL"]
[WhiteFideId "2510243"]
[BlackFideId "45004722"]
[PlyCount "91"]
[Venue "Colaiste Eanna"]
[EventDate "2021.07.31"]

{ Event information: <a
href="https://www.irlchess.com/irlch2021_allfiles/pairings_irlch2021.html">Tournament
report</a>. }

1. e4 c5 2. Nf3 d6 3. d4 cxd4 4. Nxd4 Nf6 5. Nc3 Nc6 6. Bg5 e6 7. Qd2 a6 8.
O-O-O Bd7 9. f4 Qc7 10. Kb1 Be7 11. Bxf6 gxf6 12. Nxc6 Bxc6 13. f5 b5 14.
Bd3 Qb7 15. Rhe1 O-O-O 16. Ne2 Qb6 17. Nf4 Bd7 18. g4 Kb8 19. c3 a5 20. Bc2
a4 21. a3 Bc8 22. Ka1 d5 23. exd5 e5 24. Nh5 h6 25. Bb1 Bb7 26. Ba2 Rd7 27.
Re2 Rhd8 28. Qxh6 Bxd5 29. Rxe5 Bxa2 30. Rxd7 Rxd7 31. Kxa2 Qc6 32. Re1
Qc4+ 33. Ka1 Qb3 34. Qf4+ Kc8 35. Qf3 b4 36. axb4 a3 37. Qa8+ Kc7 38. Qxa3
Qc4 39. Qa7+ Kc8 40. Qa8+ Kc7 41. Ng3 Kb6 42. Qa5+ Kb7 43. Ne4 Kb8 44. Qb6+
Rb7 45. Nd6 Bxd6 46. Re8+ 1-0

[Event "Irish Championship 2021"]
[Site "Dublin IRL"]
[Date "2021.08.04"]
[Round "5.7"]
[White "Murphy, Sean J."]
[Black "Moran, Darragh"]
[Result "1-0"]
[WhiteElo "1990"]
[BlackElo "1859"]
[WhiteICU "2020"]
[BlackICU "1838"]
[WhiteClub "Cork"]
[BlackClub "Gonzaga"]
[WhiteNationality "IRL"]
[BlackNationality "IRL"]
[WhiteFideId "2512742"]
[BlackFideId "2510294"]
[PlyCount "85"]
[Venue "Colaiste Eanna"]
[EventDate "2021.07.31"]
[WhiteFullName "Murphy, Se&aacute;n J."]

{ Event information: <a
href="https://www.irlchess.com/irlch2021_allfiles/pairings_irlch2021.html">Tournament
report</a>. }

1. Nf3 Nf6 2. g3 d5 3. Bg2 e6 4. O-O Be7 5. d4 O-O 6. c4 dxc4 7. Qc2 a6 8.
a4 Bd7 9. Rd1 Bc6 10. Bg5 b5 11. Bxf6 Bxf6 12. Nc3 Nd7 13. Ng5 Bxg5 14.
Bxc6 Rb8 15. axb5 axb5 16. d5 Qe7 17. dxe6 Nb6 18. exf7+ Qxf7 19. e3 b4 20.
Nd5 Kh8 21. Nxb4 Qe7 22. Nd5 Qc5 23. Nxb6 Qxb6 24. Be4 g6 25. Qxc4 Qxb2 26.
Ra2 Qg7 27. Rad2 Rfd8 28. Qe6 Rxd2 29. Rxd2 Rd8 30. Rc2 Bf6 31. h4 Be5 32.
Rc5 Bd6 33. Rg5 Qe7 34. Qg4 Qd7 35. Bf5 Qe8 36. Bxg6 hxg6 37. h5 Qd7 38.
Qh4 Qg7 39. Rxg6 Qe7 40. Rh6+ Kg7 41. Qg4+ Kf8 42. Rh8+ Kf7 43. Qg6# 1-0

[Event "Irish Championship 2021"]
[Site "Dublin IRL"]
[Date "2021.08.04"]
[Round "5.8"]
[White "Duffy, Seamus"]
[Black "Fox, Anthony"]
[Result "1-0"]
[WhiteElo "1945"]
[BlackElo "2005"]
[WhiteICU "1872"]
[BlackICU "2007"]
[WhiteClub "Dun Laoghaire"]
[BlackClub "Dun Laoghaire"]
[WhiteNationality "IRL"]
[BlackNationality "IRL"]
[WhiteFideId "2501708"]
[BlackFideId "2500736"]
[PlyCount "137"]
[Venue "Colaiste Eanna"]
[EventDate "2021.07.31"]
[WhiteFullName "Duffy, S&eacute;amus"]

{ Event information: <a
href="https://www.irlchess.com/irlch2021_allfiles/pairings_irlch2021.html">Tournament
report</a>. }

1. e4 e5 2. Nf3 Nc6 3. Bc4 Nf6 4. Ng5 d5 5. exd5 Na5 6. Bb5+ c6 7. dxc6
bxc6 8. Bd3 Nd5 9. h4 Qc7 10. Qf3 h6 11. Nh3 Bd6 12. Nc3 O-O 13. g4 Nb4 14.
g5 Nxd3+ 15. Qxd3 Be7 16. gxh6 g6 17. Qg3 Bxh3 18. Rxh3 Kh7 19. d3 Rg8 20.
Ne4 f6 21. Bd2 Nb7 22. Qf3 Raf8 23. O-O-O Qc8 24. Rg1 Nd6 25. h5 g5 26.
Nxd6 Bxd6 27. Rhh1 Kxh6 28. Rg2 Be7 29. Rhg1 Qe6 30. Kb1 Qd5 31. Qf5 Qd8
32. c3 Qc8 33. Qe4 Qd7 34. d4 Qd5 35. Qe3 Re8 36. dxe5 Bc5 37. Qe1 Rxe5 38.
Qc1 Re2 39. Be1 Bxf2 40. Rxf2 Qe4+ 41. Ka1 Rxf2 42. Bxf2 Kxh5 43. Bxa7 Re8
44. Bd4 Re6 45. Rh1+ Kg6 46. Qb1 f5 47. Qxe4 Rxe4 48. Kb1 f4 49. Kc2 Re2+
50. Kb3 g4 51. a4 g3 52. Rg1 Kf5 53. a5 Kg4 54. a6 Re8 55. Kc4 Kh3 56. Kc5
f3 57. Kxc6 Kh2 58. a7 Rd8 59. Bb6 Rg8 60. Kb7 Rg7+ 61. Kc8 Rg8+ 62. Kb7
Rg7+ 63. Ka6 Rg8 64. b4 Re8 65. b5 f2 66. Bxf2 gxf2 67. Rf1 Kg2 68. Rxf2+
Kxf2 69. b6 1-0

[Event "Irish Championship 2021"]
[Site "Dublin IRL"]
[Date "2021.08.04"]
[Round "5.9"]
[White "Tirziman, Rudolf"]
[Black "Murchadha, Oissine"]
[Result "1/2-1/2"]
[WhiteElo "1941"]
[BlackElo "1976"]
[WhiteClub "Blanchardstown"]
[WhiteNationality "IRL"]
[BlackNationality "IRL"]
[WhiteFideId "2508664"]
[BlackFideId "2503603"]
[PlyCount "68"]
[Venue "Colaiste Eanna"]
[EventDate "2021.07.31"]
[BlackFullName "Murchadha, Oiss&iacute;ne"]

{ Event information: <a
href="https://www.irlchess.com/irlch2021_allfiles/pairings_irlch2021.html">Tournament
report</a>. }

1. d4 d5 2. c4 c6 3. Nf3 Nf6 4. cxd5 cxd5 5. Nc3 Nc6 6. Bf4 a6 7. Qb3 Na5
8. Qc2 Bg4 9. Ne5 e6 10. e3 Bd6 11. Bd3 Bh5 12. O-O O-O 13. Bg5 Qc7 14. f4
Ne4 15. Bh4 f5 16. h3 Rac8 17. Bxe4 dxe4 18. g4 Be8 19. gxf5 exf5 20. Qe2
b5 21. Rf2 Qb7 22. Rg2 Nc4 23. Be1 Nb6 24. h4 b4 25. Nd1 Nd5 26. a4 Rc7 27.
Nc4 Be7 28. b3 Nf6 29. Ndb2 Bh5 30. Qd2 Qd5 31. a5 Bf3 32. Rh2 Ng4 33. Rh3
Rb8 34. Na4 Rxc4 1/2-1/2